<?xml version="1.0" encoding="UTF-8"?>
<collection xmlns="http://www.loc.gov/MARC21/slim">
 <record>
  <leader>00870nam a2200229   4500</leader>
  <controlfield tag="001">000015998</controlfield>
  <controlfield tag="003">12386</controlfield>
  <controlfield tag="005">20150812150803.0</controlfield>
  <controlfield tag="008">120607s2011                           sd</controlfield>
  <datafield tag="100" ind1="0" ind2=" ">
   <subfield code="a">Bùi Huy Vọng</subfield>
  </datafield>
  <datafield tag="245" ind1="0" ind2="0">
   <subfield code="a">Tang lễ cổ truyền của người Mường</subfield>
   <subfield code="c">Bùi Huy Vọng</subfield>
  </datafield>
  <datafield tag="260" ind1=" " ind2=" ">
   <subfield code="a">H.</subfield>
   <subfield code="b">Nxb. ĐH QG hà Nội</subfield>
   <subfield code="c">2011</subfield>
  </datafield>
  <datafield tag="774" ind1=" " ind2=" ">
   <subfield code="a">Bùi Huy Vọng</subfield>
   <subfield code="d">H.</subfield>
   <subfield code="d">Đại học Quốc gia Hà Nội</subfield>
   <subfield code="d">2011</subfield>
   <subfield code="g">Q.2</subfield>
   <subfield code="h">271tr.</subfield>
   <subfield code="n">ĐTTS ghi: Hội Văn nghệ dân gian Việt Nam</subfield>
   <subfield code="o">KD.016058</subfield>
   <subfield code="w">12384</subfield>
   <subfield code="z">9786046204237</subfield>
  </datafield>
  <datafield tag="774" ind1=" " ind2=" ">
   <subfield code="a">Bùi Huy Vọng</subfield>
   <subfield code="d">H.</subfield>
   <subfield code="d">Nxb. Lao động</subfield>
   <subfield code="d">2011</subfield>
   <subfield code="g">Q.3</subfield>
   <subfield code="h">428tr.</subfield>
   <subfield code="n">ĐTTS ghi: Hội Văn nghệ dân gian Việt Nam</subfield>
   <subfield code="o">KM.013867</subfield>
   <subfield code="w">12649</subfield>
  </datafield>
  <datafield tag="OWN" ind1=" " ind2=" ">
   <subfield code="a">LSP</subfield>
  </datafield>
  <datafield tag="999" ind1=" " ind2=" ">
   <subfield code="a">From the UDN01</subfield>
  </datafield>
  <datafield tag="TYP" ind1=" " ind2=" ">
   <subfield code="a">Monograph</subfield>
  </datafield>
  <datafield tag="TYP" ind1=" " ind2=" ">
   <subfield code="a">Printed language</subfield>
  </datafield>
  <datafield tag="980" ind1=" " ind2=" ">
   <subfield code="a">Mạng thư viện Đại học Đà Nẵng</subfield>
  </datafield>
 </record>
</collection>
